Ideový profil vysokoškolákov správa o výsledkoch a priebehu riešenia čiastkovej vedeckovýskumnej úlohy RŠ-V-02/05

Saved in:
Bibliographic Details
Main Author: Schwarz, Jozef
Format: Book
Language:Slovak
Published: Bratislava VŠE 1985
Tags: Add Tag
No Tags, Be the first to tag this record!

MARC

LEADER 00000nam a2200000 4500
001 c109837
005 20260326070212.8
041 0 |a slo 
044 |a SK 
245 1 0 |a Ideový profil vysokoškolákov  |b správa o výsledkoch a priebehu riešenia čiastkovej vedeckovýskumnej úlohy RŠ-V-02/05  |c Jozef Schwarz 
264 1 |a Bratislava  |b VŠE  |c 1985 
300 |a 27, 57 s. 
100 1 |a Schwarz, Jozef